Discurso del papa Francisco a los Movimiento Populares

Kaydedildi:
Detaylı Bibliyografya
Materyal Türü: Kitap
Dil:Spanish
Etiketler: Etiketle
Etiket eklenmemiş, İlk siz ekleyin!

MARC

LEADER 00000nam a22000007a 4500
003 cru CIDCACS/IIS
005 20191024151900.0
007 ta
008 191024s2015 cu |||p|r|||| 00| ||spa|d
999 |c 42538  |d 42538 
040 |c cru CIDCACS/IIS 
245 0 |a Discurso del papa Francisco a los Movimiento Populares 
300 |a páginas 67-74 
773 0 |0 41970  |9 2987  |a Centro Memorial Dr. Martin Luther King, Jr  |d La Habana, Cuba: Centro Memorial Dr. Martin Luther King, Jr,  |o 17771  |t Caminos:  |x 10257733 
942 |2 ddc  |c PP